| 000 | 00000nam 2200000zi 4500 |
| 001 | 9.881688 |
| 003 | CaOODSP |
| 005 | 20221107170116 |
| 006 | m o d f |
| 007 | cr ||||||||||| |
| 008 | 191105t20202020qucbd o f000 0 eng d |
| 020 | |a9780660331607 |
| 040 | |aCaOODSP|beng|erda|cCaOODSP |
| 043 | |an-cn-mb |
| 086 | 1 |aEn4-149/2020E-PDF |
| 245 | 00|aState of Lake Winnipeg : |bhighlights. |
| 250 | |a2nd edition. |
| 264 | 1|a[Gatineau, QC] : |bEnvironment and Climate Change Canada, |c2020. |
| 264 | 4|c©2020 |
| 300 | |a1 online resource (12 pages) : |bcolour maps, colour charts |
| 336 | |atext|btxt|2rdacontent |
| 337 | |acomputer|bc|2rdamedia |
| 338 | |aonline resource|bcr|2rdacarrier |
| 500 | |aIssued also in French under title: État du Lac Winnipeg : faits saillants. |
| 500 | |aTitle from cover. |
| 650 | 0|aLake ecology|zManitoba|zWinnipeg, Lake. |
| 651 | 0|aWinnipeg, Lake (Man.)|xEnvironmental aspects. |
| 710 | 1 |aCanada. |bEnvironment and Climate Change Canada. |
| 775 | 08|tÉtat du Lac Winnipeg : |w(CaOODSP)9.881689 |
| 795 | |tState of Lake Winnipeg : |w(CaOODSP)9.694668 |
| 856 | 40|qPDF|s8.41 MB|uhttps://publications.gc.ca/collections/collection_2020/eccc/En4-149-2020-eng.pdf |